000 01022nam0a22002771 4500
001 rc\278657
005 20250621014327.0
010 _a5-556-00381-5
_925000
035 _a(NLR Aleph) 005506095
090 _a5356567
_c5356567
100 _a20030307d1990 |||y0rusy50 ca
101 0 _arus
102 _aRU
105 _aa |||||||||
200 1 _aРусский язык
_eУчеб. пособие для 5-го кл. одиннадцатилет. азерб. шк.
_fС.С. Мирзоев, З.А. Ахмедова, А.А. Ганиева
205 _a2-е изд,
210 _aБаку
_cМаариф
_d1990
215 _a390, [1] с.
_cил.
_d22
700 1 _aМирзоев
_bС.С. оглы
_gСейрам Салам оглы
701 1 _aАхмедова
_bЗ.А. кызы
_gЗарифа Агарза кызы
701 1 _aГаниева
_bА.А. кызы
_gАделя Аллахверди кызы
801 0 _aRU
_bNLR
_gpsbo
801 1 _aRU
_bELAR
_2rusmarc
852 _aNLR
_j90-5/1093
942 _cBOOK
980 _aNB